000 01036nam a22003257a 4500
001 BR2022000354
003 BR-BrBNA
005 20230928105635.0
007 ta
008 230509b bl.||||| |||| 00| 0 por d
040 _aBR-BrBNA
_bpor
_cBiblioteca Nacional de Agricultura
041 _a(Por)
072 _aL73; L70; L40
_b5400
090 _ 5400 BR2022000354
100 1 _aBaldasso, A.B.
110 1 _aUniversidade Federal de Minas Gerais, Belo Horizonte (Brasil). Escola de Veterinária
_0Mestre em Ciência Animal
245 1 _aFatores prognósticos e histopatológicos do osteossarcoma canino e correlação com a sobrevida
260 3 _aBelo Horizonte, MG (Brasil):
_c2019.
300 _a37 p.
500 _aBibliography p. 31-36 (81 ref.); Summaries (Eng, Por); 14 illus.; 2 tables
650 _aCÃO
650 _aOSSO
650 _aOSTEOSSARCOMA
650 _aNEOPLASIA
650 _aTUMOR
650 _aDOENÇA ANIMAL
650 _aVETERINÁRIA
909 _a202309
_bLucia
_c55
_dLucia Elande
942 _cBK
999 _c85999
_d85999